Les Lieux dans la chanson française - Statistiques

Statistiques générales
  • Ce quiz a été pris 10 972 fois
  • Le résultat moyen est 11 sur 18
Statistiques - réponses
Interprète(s) Titre % Correct
Michel Sardou Les Lacs du {Connemara}
96%
Jacques Dutronc Il est cinq heures, {Paris} s'éveille
95%
Sheila et Ringo Les Gondoles à {Venise}
88%
Charles Trenet Douce {France}
87%
Téléphone {New} {York} avec toi
76%
Julien Doré Paris-{Seychelles}
66%
M & Vanessa Paradis La {Seine}
62%
François Feldman Les Valses de {Vienne}
62%
Eddy Mitchell Sur la route de {Memphis}
62%
Étienne Daho Week-end à {Rome}
60%
Hervé Villard {Capri} c'est fini
58%
Jacques Brel A{msterdam}
50%
Claude François Je vais à {Rio}
50%
Joe Dassin L'{Amérique}
46%
Angèle {Bruxelles} je t'aime
38%
Maxime le Forestier {San} {Francisco}
37%
Soprano ft. Marina Kaye Mon {Everest}
35%
Luis Mariano La Belle de {Cadix}
32%
Aucun quiz correspondant
Distribution des résultats
% des personnes avec chaque résultat
Percentile par nombre de réponses
Votre historique - résultats
Vous n’avez pas pris ce quiz